[Event "DVM U20 2021"]
[Site "Kiel GER"]
[Date "2022.07.25"]
[Round "5"]
[White "Elier, Ali"]
[Black "Suvorov, Alexander"]
[Result "1/2-1/2"]
[Termination "normal"]
[Board "2.1"]
[BlackTitle "FM"]
[WhiteElo "2144"]
[BlackElo "2371"]
[WhiteClock "00:46:41"]
[BlackClock "00:02:58"]
[WhiteTeam "Schachfreunde Brackel 1930 e. V."]
[BlackTeam "Schachgemeinschaft Porz e. V."]
[PlyCount "43"]
[WhiteFideId "16217543"]
[BlackFideId "12977063"]
[EventCountry "GER"]
[EventRounds "7"]
[EventType "team-swiss"]
[EventDate "2022.07.22"]

1. e4 {[%clk 01:30:33]} {[%emt 00:00:26]} e5 {[%clk 01:30:51]} {[%emt
00:00:10]} 2. Nf3 {[%clk 01:30:58]} {[%emt 00:00:05]} Nc6 {[%clk 01:31:07]}
{[%emt 00:00:13]} 3. Nc3 {[%clk 01:31:21]} {[%emt 00:00:07]} Nf6 {[%clk
01:31:03]} {[%emt 00:00:34]} 4. d4 {[%clk 01:31:45]} {[%emt 00:00:06]} exd4
{[%clk 01:30:31]} {[%emt 00:01:02]} 5. Nd5 {[%clk 01:32:08]} {[%emt 00:00:07]}
Be7 {[%clk 01:27:32]} {[%emt 00:03:30]} 6. Bc4 {[%clk 01:30:49]} {[%emt
00:01:49]} O-O {[%clk 01:22:23]} {[%emt 00:05:38]} 7. O-O {[%clk 01:31:07]}
{[%emt 00:00:13]} d6 {[%clk 01:12:14]} {[%emt 00:10:39]} 8. Nxd4 {[%clk
01:31:28]} {[%emt 00:00:08]} Nxd5 {[%clk 01:01:11]} {[%emt 00:11:34]} 9. Bxd5
{[%clk 01:30:26]} {[%emt 00:01:32]} Bd7 {[%clk 00:38:57]} {[%emt 00:22:44]} 10.
c3 {[%clk 01:28:20]} {[%emt 00:02:36]} Nxd4 {[%clk 00:31:44]} {[%emt 00:07:43]}
11. Qxd4 {[%clk 01:25:40]} {[%emt 00:03:09]} Qc8 {[%clk 00:29:16]} {[%emt
00:02:58]} 12. Be3 {[%clk 01:22:04]} {[%emt 00:04:06]} Be6 {[%clk 00:27:54]}
{[%emt 00:01:52]} 13. Rad1 {[%clk 00:54:56]} {[%emt 00:27:38]} c6 {[%clk
00:23:28]} {[%emt 00:04:56]} 14. Bc4 {[%clk 00:54:20]} {[%emt 00:01:06]} Rd8
{[%clk 00:22:21]} {[%emt 00:01:37]} 15. Rfe1 {[%clk 00:50:25]} {[%emt
00:04:25]} Bf6 {[%clk 00:17:25]} {[%emt 00:05:26]} 16. Qd3 {[%clk 00:50:27]}
{[%emt 00:00:28]} d5 {[%clk 00:09:13]} {[%emt 00:08:42]} 17. exd5 {[%clk
00:49:49]} {[%emt 00:01:09]} Bxd5 {[%clk 00:08:12]} {[%emt 00:01:31]} 18. Bxd5
{[%clk 00:49:27]} {[%emt 00:00:50]} Rxd5 {[%clk 00:08:01]} {[%emt 00:00:41]}
19. Qc4 {[%clk 00:49:33]} {[%emt 00:00:25]} Rxd1 {[%clk 00:06:58]} {[%emt
00:01:33]} 20. Rxd1 {[%clk 00:49:56]} {[%emt 00:00:07]} Qc7 {[%clk 00:03:54]}
{[%emt 00:03:34]} 21. h3 {[%clk 00:46:38]} {[%emt 00:03:48]} a6 {[%clk
00:02:58]} {[%emt 00:01:26]} 22. Qg4 {[%clk 00:46:41]} {[%emt 00:00:26]}
1/2-1/2

[Event "DVM U20 2021"]
[Site "Kiel GER"]
[Date "2022.07.25"]
[Round "5"]
[White "Suvorov, Luca"]
[Black "Garbuz, Vitaliy"]
[Result "0-1"]
[Termination "normal"]
[Board "2.2"]
[WhiteTitle "FM"]
[WhiteElo "2308"]
[BlackElo "2088"]
[WhiteClock "00:00:44"]
[BlackClock "00:19:42"]
[WhiteTeam "Schachgemeinschaft Porz e. V."]
[BlackTeam "Schachfreunde Brackel 1930 e. V."]
[PlyCount "66"]
[WhiteFideId "12977071"]
[BlackFideId "12990710"]
[EventCountry "GER"]
[EventRounds "7"]
[EventType "team-swiss"]
[EventDate "2022.07.22"]

1. d4 {[%clk 01:30:58]} {[%emt 00:00:01]} d5 {[%clk 01:28:28]} {[%emt
00:02:32]} 2. c4 {[%clk 01:31:19]} {[%emt 00:00:10]} c6 {[%clk 01:28:54]}
{[%emt 00:00:03]} 3. Nc3 {[%clk 01:31:45]} {[%emt 00:00:05]} Nf6 {[%clk
01:29:20]} {[%emt 00:00:04]} 4. e3 {[%clk 01:31:45]} {[%emt 00:00:30]} Bf5
{[%clk 01:29:41]} {[%emt 00:00:09]} 5. cxd5 {[%clk 01:30:27]} {[%emt 00:01:47]}
cxd5 {[%clk 01:29:58]} {[%emt 00:00:13]} 6. Qb3 {[%clk 01:30:33]} {[%emt
00:00:25]} Nc6 {[%clk 01:30:21]} {[%emt 00:00:07]} 7. Qxb7 {[%clk 01:29:50]}
{[%emt 00:01:12]} Bd7 {[%clk 01:30:45]} {[%emt 00:00:07]} 8. Qb3 {[%clk
01:28:01]} {[%emt 00:02:19]} Rb8 {[%clk 01:31:05]} {[%emt 00:00:09]} 9. Qd1
{[%clk 01:28:14]} {[%emt 00:00:17]} e5 {[%clk 01:31:20]} {[%emt 00:00:15]} 10.
Nf3 {[%clk 01:12:56]} {[%emt 00:15:48]} Bd6 {[%clk 01:31:09]} {[%emt 00:00:41]}
11. dxe5 {[%clk 01:11:31]} {[%emt 00:01:56]} Nxe5 {[%clk 01:29:20]} {[%emt
00:02:18]} 12. Be2 {[%clk 01:11:36]} {[%emt 00:00:26]} O-O {[%clk 01:25:36]}
{[%emt 00:04:13]} 13. O-O {[%clk 01:08:19]} {[%emt 00:03:47]} Nxf3+ {[%clk
01:07:31]} {[%emt 00:18:36]} 14. Bxf3 {[%clk 01:08:28]} {[%emt 00:00:20]} Qc7
{[%clk 01:05:54]} {[%emt 00:02:07]} 15. h3 {[%clk 00:56:06]} {[%emt 00:12:53]}
Bh2+ {[%clk 01:04:37]} {[%emt 00:01:47]} 16. Kh1 {[%clk 00:54:13]} {[%emt
00:02:22]} Be5 {[%clk 01:05:00]} {[%emt 00:00:07]} 17. Nxd5 {[%clk 00:45:59]}
{[%emt 00:08:44]} Nxd5 {[%clk 01:05:18]} {[%emt 00:00:11]} 18. Bxd5 {[%clk
00:45:28]} {[%emt 00:01:02]} Bxb2 {[%clk 00:57:06]} {[%emt 00:08:42]} 19. Bxb2
{[%clk 00:41:48]} {[%emt 00:04:10]} Rxb2 {[%clk 00:57:28]} {[%emt 00:00:08]}
20. Rc1 {[%clk 00:19:07]} {[%emt 00:23:11]} Qe5 {[%clk 00:56:26]} {[%emt
00:01:30]} 21. e4 {[%clk 00:13:15]} {[%emt 00:06:25]} Bb5 {[%clk 00:50:35]}
{[%emt 00:06:21]} 22. f4 {[%clk 00:04:58]} {[%emt 00:08:47]} Qb8 {[%clk
00:50:16]} {[%emt 00:00:49]} 23. Rg1 {[%clk 00:03:02]} {[%emt 00:02:26]} Qxf4
{[%clk 00:48:44]} {[%emt 00:02:02]} 24. Qd4 {[%clk 00:03:06]} {[%emt 00:00:25]}
Qf2 {[%clk 00:43:57]} {[%emt 00:05:17]} 25. Qe5 {[%clk 00:01:35]} {[%emt
00:02:02]} Rd2 {[%clk 00:37:00]} {[%emt 00:07:26]} 26. Rc7 {[%clk 00:01:40]}
{[%emt 00:00:24]} Bf1 {[%clk 00:36:01]} {[%emt 00:01:29]} 27. Qg5 {[%clk
00:00:39]} {[%emt 00:01:32]} h6 {[%clk 00:33:26]} {[%emt 00:03:06]} 28. Qg4
{[%clk 00:00:50]} {[%emt 00:00:19]} Be2 {[%clk 00:29:47]} {[%emt 00:04:08]} 29.
Qd7 {[%clk 00:00:37]} {[%emt 00:00:43]} Bf3 {[%clk 00:29:31]} {[%emt 00:00:46]}
30. Bxf7+ {[%clk 00:00:35]} {[%emt 00:00:32]} Kh8 {[%clk 00:29:51]} {[%emt
00:00:10]} 31. Qxd2 {[%clk 00:00:33]} {[%emt 00:00:33]} Qxd2 {[%clk 00:29:57]}
{[%emt 00:00:24]} 32. Bd5 {[%clk 00:00:36]} {[%emt 00:00:26]} Qf4 {[%clk
00:19:31]} {[%emt 00:10:56]} 33. Rxa7 {[%clk 00:00:44]} {[%emt 00:00:22]} Qg3
{[%clk 00:19:42]} {[%emt 00:00:19]} 0-1

[Event "DVM U20 2021"]
[Site "Kiel GER"]
[Date "2022.07.25"]
[Round "5"]
[White "Kracht, Raphael"]
[Black "Gallasch, Jonas"]
[Result "1-0"]
[Termination "normal"]
[Board "2.3"]
[WhiteElo "2045"]
[BlackElo "2108"]
[WhiteClock "00:19:27"]
[BlackClock "00:06:53"]
[WhiteTeam "Schachfreunde Brackel 1930 e. V."]
[BlackTeam "Schachgemeinschaft Porz e. V."]
[PlyCount "75"]
[WhiteFideId "16214382"]
[BlackFideId "16222474"]
[EventCountry "GER"]
[EventRounds "7"]
[EventType "team-swiss"]
[EventDate "2022.07.22"]

1. e4 {[%clk 01:30:32]} {[%emt 00:00:27]} c6 {[%clk 01:30:54]} {[%emt
00:00:06]} 2. d3 {[%clk 01:30:24]} {[%emt 00:00:39]} d5 {[%clk 01:31:12]}
{[%emt 00:00:12]} 3. Nd2 {[%clk 01:30:43]} {[%emt 00:00:11]} g6 {[%clk
01:22:30]} {[%emt 00:09:11]} 4. g3 {[%clk 01:30:12]} {[%emt 00:01:00]} Bg7
{[%clk 01:22:21]} {[%emt 00:00:40]} 5. Bg2 {[%clk 01:30:31]} {[%emt 00:00:11]}
e6 {[%clk 01:16:19]} {[%emt 00:06:32]} 6. Ngf3 {[%clk 01:28:00]} {[%emt
00:03:01]} Nd7 {[%clk 01:16:41]} {[%emt 00:00:09]} 7. O-O {[%clk 01:26:55]}
{[%emt 00:01:34]} Ne7 {[%clk 01:16:42]} {[%emt 00:00:29]} 8. Re1 {[%clk
01:26:51]} {[%emt 00:00:33]} O-O {[%clk 01:16:12]} {[%emt 00:01:01]} 9. e5
{[%clk 01:23:28]} {[%emt 00:03:53]} c5 {[%clk 01:04:55]} {[%emt 00:11:47]} 10.
Nf1 {[%clk 01:23:32]} {[%emt 00:00:26]} Nc6 {[%clk 01:01:11]} {[%emt 00:04:14]}
11. Bf4 {[%clk 01:19:54]} {[%emt 00:04:07]} f6 {[%clk 00:55:29]} {[%emt
00:06:13]} 12. exf6 {[%clk 01:19:37]} {[%emt 00:00:47]} Qxf6 {[%clk 00:55:10]}
{[%emt 00:00:50]} 13. Rb1 {[%clk 00:53:42]} {[%emt 00:26:24]} e5 {[%clk
00:52:37]} {[%emt 00:03:02]} 14. Bg5 {[%clk 00:53:19]} {[%emt 00:00:53]} Qd6
{[%clk 00:48:10]} {[%emt 00:04:58]} 15. c4 {[%clk 00:41:38]} {[%emt 00:12:11]}
d4 {[%clk 00:46:14]} {[%emt 00:02:26]} 16. N1d2 {[%clk 00:37:48]} {[%emt
00:04:20]} Nf6 {[%clk 00:33:55]} {[%emt 00:12:49]} 17. a3 {[%clk 00:36:55]}
{[%emt 00:01:23]} a5 {[%clk 00:30:56]} {[%emt 00:03:29]} 18. Qa4 {[%clk
00:30:37]} {[%emt 00:06:48]} Bf5 {[%clk 00:24:37]} {[%emt 00:06:49]} 19. Bxf6
{[%clk 00:30:20]} {[%emt 00:00:47]} Rxf6 {[%clk 00:21:56]} {[%emt 00:03:11]}
20. Ng5 {[%clk 00:30:27]} {[%emt 00:00:22]} Raf8 {[%clk 00:13:44]} {[%emt
00:08:43]} 21. Nge4 {[%clk 00:27:25]} {[%emt 00:03:31]} Qe7 {[%clk 00:14:07]}
{[%emt 00:00:07]} 22. Nxf6+ {[%clk 00:27:33]} {[%emt 00:00:23]} Qxf6 {[%clk
00:14:27]} {[%emt 00:00:10]} 23. Qc2 {[%clk 00:27:53]} {[%emt 00:00:10]} h5
{[%clk 00:12:55]} {[%emt 00:02:03]} 24. Ne4 {[%clk 00:26:13]} {[%emt 00:02:09]}
Bxe4 {[%clk 00:12:38]} {[%emt 00:00:48]} 25. Bxe4 {[%clk 00:26:12]} {[%emt
00:00:30]} h4 {[%clk 00:12:27]} {[%emt 00:00:41]} 26. Qe2 {[%clk 00:26:14]}
{[%emt 00:00:27]} Nd8 {[%clk 00:12:06]} {[%emt 00:00:52]} 27. Rf1 {[%clk
00:25:35]} {[%emt 00:01:09]} Qg5 {[%clk 00:10:26]} {[%emt 00:02:10]} 28. b4
{[%clk 00:25:05]} {[%emt 00:00:59]} axb4 {[%clk 00:09:52]} {[%emt 00:01:05]}
29. axb4 {[%clk 00:25:30]} {[%emt 00:00:05]} Kh8 {[%clk 00:10:03]} {[%emt
00:00:18]} 30. Bd5 {[%clk 00:25:29]} {[%emt 00:00:32]} cxb4 {[%clk 00:09:47]}
{[%emt 00:00:46]} 31. Rxb4 {[%clk 00:25:50]} {[%emt 00:00:09]} Nf7 {[%clk
00:10:02]} {[%emt 00:00:15]} 32. Bxf7 {[%clk 00:23:12]} {[%emt 00:03:09]} Rxf7
{[%clk 00:10:30]} 33. Qe4 {[%clk 00:23:07]} {[%emt 00:00:34]} Qe7 {[%clk
00:08:22]} {[%emt 00:02:39]} 34. Rb6 {[%clk 00:22:28]} {[%emt 00:01:09]} Rf6
{[%clk 00:06:06]} {[%emt 00:02:46]} 35. Rxb7 {[%clk 00:22:30]} {[%emt
00:00:28]} Qf8 {[%clk 00:06:15]} {[%emt 00:00:21]} 36. Qxh4+ {[%clk 00:21:22]}
{[%emt 00:01:38]} Kg8 {[%clk 00:06:40]} {[%emt 00:00:04]} 37. Qe4 {[%clk
00:20:40]} {[%emt 00:01:13]} Bh6 {[%clk 00:06:53]} {[%emt 00:00:17]} 38. Qd5+
{[%clk 00:19:27]} {[%emt 00:01:43]} 1-0

[Event "DVM U20 2021"]
[Site "Kiel GER"]
[Date "2022.07.25"]
[Round "5"]
[White "Perkampus, Laurin"]
[Black "Kartsev, Nikolay"]
[Result "1-0"]
[Termination "normal"]
[Board "2.4"]
[WhiteElo "2069"]
[BlackElo "2046"]
[WhiteClock "00:03:35"]
[BlackClock "00:02:37"]
[WhiteTeam "Schachgemeinschaft Porz e. V."]
[BlackTeam "Schachfreunde Brackel 1930 e. V."]
[PlyCount "59"]
[WhiteFideId "16232283"]
[BlackFideId "12939536"]
[EventCountry "GER"]
[EventRounds "7"]
[EventType "team-swiss"]
[EventDate "2022.07.22"]

1. d4 {[%clk 01:30:58]} e6 {[%clk 01:30:44]} {[%emt 00:00:17]} 2. c4 {[%clk
01:31:18]} {[%emt 00:00:10]} f5 {[%clk 01:31:09]} {[%emt 00:00:05]} 3. Nf3
{[%clk 01:24:51]} {[%emt 00:06:57]} Nf6 {[%clk 01:31:09]} {[%emt 00:00:29]} 4.
g3 {[%clk 01:25:00]} {[%emt 00:00:21]} Be7 {[%clk 01:31:07]} {[%emt 00:00:31]}
5. Bg2 {[%clk 01:24:51]} {[%emt 00:00:41]} d6 {[%clk 01:31:31]} {[%emt
00:00:06]} 6. O-O {[%clk 01:23:17]} {[%emt 00:02:03]} O-O {[%clk 01:31:28]}
{[%emt 00:00:34]} 7. Nc3 {[%clk 01:23:31]} {[%emt 00:00:16]} Ne4 {[%clk
01:31:39]} {[%emt 00:00:19]} 8. Nxe4 {[%clk 01:23:52]} {[%emt 00:00:09]} fxe4
{[%clk 01:32:02]} {[%emt 00:00:08]} 9. Ne1 {[%clk 01:24:18]} {[%emt 00:00:03]}
d5 {[%clk 01:29:59]} {[%emt 00:02:32]} 10. Be3 {[%clk 01:21:43]} {[%emt
00:03:06]} Nc6 {[%clk 01:16:51]} {[%emt 00:13:38]} 11. Rc1 {[%clk 01:14:14]}
{[%emt 00:07:59]} Bf6 {[%clk 01:08:52]} {[%emt 00:08:30]} 12. f3 {[%clk
01:03:56]} {[%emt 00:10:47]} dxc4 {[%clk 00:59:56]} {[%emt 00:09:26]} 13. fxe4
{[%clk 00:41:26]} {[%emt 00:23:00]} e5 {[%clk 00:31:47]} {[%emt 00:28:38]} 14.
d5 {[%clk 00:35:26]} {[%emt 00:06:30]} Na5 {[%clk 00:10:00]} {[%emt 00:22:17]}
15. Bd2 {[%clk 00:24:16]} {[%emt 00:11:40]} c5 {[%clk 00:10:26]} {[%emt
00:00:04]} 16. Qa4 {[%clk 00:23:30]} {[%emt 00:01:17]} Bg5 {[%clk 00:09:27]}
{[%emt 00:01:29]} 17. Rxf8+ {[%clk 00:09:31]} {[%emt 00:14:29]} Kxf8 {[%clk
00:09:56]} 18. Bxa5 {[%clk 00:07:29]} {[%emt 00:02:32]} b6 {[%clk 00:10:25]}
{[%emt 00:00:01]} 19. Rc3 {[%clk 00:05:07]} {[%emt 00:02:52]} bxa5 {[%clk
00:03:45]} {[%emt 00:07:09]} 20. Qxc4 {[%clk 00:03:23]} {[%emt 00:02:15]} Bd2
{[%clk 00:02:33]} {[%emt 00:01:42]} 21. Rf3+ {[%clk 00:03:06]} {[%emt
00:00:47]} Kg8 {[%clk 00:03:02]} 22. d6+ {[%clk 00:02:50]} {[%emt 00:00:46]}
Kh8 {[%clk 00:03:08]} {[%emt 00:00:24]} 23. Qd5 {[%clk 00:03:02]} {[%emt
00:00:18]} Bg4 {[%clk 00:03:06]} {[%emt 00:00:31]} 24. Qxd2 {[%clk 00:03:12]}
{[%emt 00:00:21]} Bxf3 {[%clk 00:03:29]} {[%emt 00:00:06]} 25. Nxf3 {[%clk
00:03:34]} {[%emt 00:00:08]} Qf6 {[%clk 00:03:21]} {[%emt 00:00:38]} 26. Qd5
{[%clk 00:03:08]} {[%emt 00:00:56]} Rd8 {[%clk 00:03:36]} {[%emt 00:00:15]} 27.
Nxe5 {[%clk 00:02:41]} {[%emt 00:00:58]} Rf8 {[%clk 00:03:35]} {[%emt
00:00:31]} 28. Bf3 {[%clk 00:03:03]} {[%emt 00:00:07]} g5 {[%clk 00:03:51]}
{[%emt 00:00:15]} 29. Nd7 {[%clk 00:03:18]} {[%emt 00:00:14]} Qxf3 {[%clk
00:02:37]} {[%emt 00:01:44]} 30. exf3 {[%clk 00:03:35]} {[%emt 00:00:13]} 1-0

[Event "DVM U20 2021"]
[Site "Kiel GER"]
[Date "2022.07.25"]
[Round "5"]
[White "Bartelt, Max Peter"]
[Black "Mohammadi Nia, Borna"]
[Result "1-0"]
[Termination "normal"]
[Board "2.5"]
[WhiteElo "1915"]
[BlackElo "2129"]
[WhiteClock "00:10:33"]
[BlackClock "00:01:04"]
[WhiteTeam "Schachfreunde Brackel 1930 e. V."]
[BlackTeam "Schachgemeinschaft Porz e. V."]
[PlyCount "89"]
[WhiteFideId "12967289"]
[BlackFideId "16207319"]
[EventCountry "GER"]
[EventRounds "7"]
[EventType "team-swiss"]
[EventDate "2022.07.22"]

1. d4 {[%clk 01:30:57]} {[%emt 00:00:03]} Nf6 {[%clk 01:30:56]} {[%emt
00:00:04]} 2. Bg5 {[%clk 01:31:17]} {[%emt 00:00:09]} e6 {[%clk 01:31:21]}
{[%emt 00:00:06]} 3. e4 {[%clk 01:31:37]} {[%emt 00:00:10]} d5 {[%clk
01:31:36]} {[%emt 00:00:15]} 4. e5 {[%clk 01:31:15]} {[%emt 00:00:51]} h6
{[%clk 01:32:02]} {[%emt 00:00:05]} 5. Be3 {[%clk 01:31:22]} {[%emt 00:00:23]}
Nfd7 {[%clk 01:32:27]} {[%emt 00:00:05]} 6. f4 {[%clk 01:30:03]} {[%emt
00:01:48]} c5 {[%clk 01:32:51]} {[%emt 00:00:07]} 7. c3 {[%clk 01:30:29]}
{[%emt 00:00:05]} Nc6 {[%clk 01:32:15]} {[%emt 00:01:05]} 8. Nf3 {[%clk
01:30:28]} {[%emt 00:00:30]} Be7 {[%clk 01:32:15]} {[%emt 00:00:30]} 9. Bd3
{[%clk 01:29:30]} {[%emt 00:01:28]} Qb6 {[%clk 01:17:33]} {[%emt 00:15:12]} 10.
Qd2 {[%clk 01:23:32]} {[%emt 00:06:28]} O-O {[%clk 01:04:11]} {[%emt 00:13:52]}
11. O-O {[%clk 01:21:55]} {[%emt 00:02:07]} f5 {[%clk 00:57:29]} {[%emt
00:07:13]} 12. Kh1 {[%clk 01:17:22]} {[%emt 00:05:02]} c4 {[%clk 00:46:50]}
{[%emt 00:11:09]} 13. Be2 {[%clk 01:09:35]} {[%emt 00:08:17]} Kh7 {[%clk
00:39:30]} {[%emt 00:07:51]} 14. Qc2 {[%clk 01:07:59]} {[%emt 00:02:05]} g6
{[%clk 00:37:46]} {[%emt 00:02:14]} 15. Nbd2 {[%clk 01:06:21]} {[%emt
00:02:09]} Qc7 {[%clk 00:35:57]} {[%emt 00:02:19]} 16. Rg1 {[%clk 01:04:21]}
{[%emt 00:02:30]} b5 {[%clk 00:30:07]} {[%emt 00:06:20]} 17. g4 {[%clk
01:01:28]} {[%emt 00:03:22]} Bb7 {[%clk 00:29:50]} {[%emt 00:00:48]} 18. Rg2
{[%clk 00:57:58]} {[%emt 00:04:00]} Rg8 {[%clk 00:26:47]} {[%emt 00:03:33]} 19.
Rag1 {[%clk 00:56:20]} {[%emt 00:02:06]} Raf8 {[%clk 00:24:57]} {[%emt
00:02:20]} 20. h4 {[%clk 00:54:20]} {[%emt 00:02:31]} Qd8 {[%clk 00:20:22]}
{[%emt 00:05:06]} 21. h5 {[%clk 00:53:18]} {[%emt 00:01:32]} Qe8 {[%clk
00:18:24]} {[%emt 00:02:28]} 22. hxg6+ {[%clk 00:43:34]} {[%emt 00:10:14]} Rxg6
{[%clk 00:14:08]} {[%emt 00:04:46]} 23. g5 {[%clk 00:29:54]} {[%emt 00:14:09]}
hxg5 {[%clk 00:10:58]} {[%emt 00:03:41]} 24. Nxg5+ {[%clk 00:30:08]} {[%emt
00:00:16]} Bxg5 {[%clk 00:10:52]} {[%emt 00:00:35]} 25. fxg5 {[%clk 00:30:33]}
{[%emt 00:00:05]} Kg7 {[%clk 00:07:30]} {[%emt 00:03:54]} 26. Bh5 {[%clk
00:29:24]} {[%emt 00:01:38]} Rh8 {[%clk 00:07:58]} {[%emt 00:00:02]} 27. Qd1
{[%clk 00:25:26]} {[%emt 00:04:27]} Rh7 {[%clk 00:04:36]} {[%emt 00:03:53]} 28.
Bf4 {[%clk 00:21:59]} {[%emt 00:03:56]} Ne7 {[%clk 00:04:09]} {[%emt 00:00:58]}
29. Rh2 {[%clk 00:21:42]} {[%emt 00:00:47]} Qh8 {[%clk 00:03:55]} {[%emt
00:00:43]} 30. Kg2 {[%clk 00:18:33]} {[%emt 00:03:39]} Qc8 {[%clk 00:01:46]}
{[%emt 00:02:38]} 31. Rgh1 {[%clk 00:16:59]} {[%emt 00:02:04]} a5 {[%clk
00:00:44]} {[%emt 00:01:34]} 32. Kg3 {[%clk 00:16:34]} {[%emt 00:00:55]} Nf8
{[%clk 00:00:50]} {[%emt 00:00:23]} 33. Bxg6 {[%clk 00:16:31]} {[%emt
00:00:32]} Rxh2 {[%clk 00:01:10]} {[%emt 00:00:10]} 34. Rxh2 {[%clk 00:16:57]}
{[%emt 00:00:05]} Nexg6 {[%clk 00:01:38]} {[%emt 00:00:03]} 35. Qh5 {[%clk
00:16:21]} {[%emt 00:01:05]} Bc6 {[%clk 00:01:01]} {[%emt 00:01:08]} 36. Qh6+
{[%clk 00:16:37]} {[%emt 00:00:13]} Kg8 {[%clk 00:01:29]} {[%emt 00:00:03]} 37.
Nf3 {[%clk 00:16:00]} {[%emt 00:01:07]} Be8 {[%clk 00:01:43]} {[%emt 00:00:15]}
38. Nh4 {[%clk 00:16:04]} {[%emt 00:00:26]} Qd7 {[%clk 00:01:58]} {[%emt
00:00:15]} 39. Ng2 {[%clk 00:15:00]} {[%emt 00:01:33]} b4 {[%clk 00:01:45]}
{[%emt 00:00:44]} 40. Bd2 {[%clk 00:14:25]} {[%emt 00:01:05]} b3 {[%clk
00:01:19]} {[%emt 00:00:57]} 41. axb3 {[%clk 00:11:32]} {[%emt 00:03:22]} cxb3
{[%clk 00:01:23]} {[%emt 00:00:26]} 42. Nf4 {[%clk 00:11:35]} {[%emt 00:00:27]}
a4 {[%clk 00:01:22]} {[%emt 00:00:31]} 43. Nh5 {[%clk 00:10:52]} {[%emt
00:01:13]} Qb7 {[%clk 00:01:04]} {[%emt 00:00:49]} 44. Nf6+ {[%clk 00:11:01]}
{[%emt 00:00:20]} Kf7 {[%emt 00:00:04]} 45. Qh7+ {[%clk 00:10:33]} {[%emt
00:00:57]} 1-0